English course = Angličtina pre samoukov : Obs. učebnica, 159 s.. príloha, 106 s
Guardado en:
| Formato: | Libro |
|---|---|
| Lenguaje: | eslovaco |
| Publicado: |
Bratislava :
ART PROGRES,
1990
|
| Edición: | 1.vyd. |
| Materias: | |
| Etiquetas: |
Sin Etiquetas, Sea el primero en etiquetar este registro!
|
MARC
| LEADER | 00000nam a22000003a 4500 | ||
|---|---|---|---|
| 001 | stu7333 | ||
| 005 | 20150408162644.7 | ||
| 008 | 950202s1990----xo------------------slo-d | ||
| 020 | |a 80-85329-00-X | ||
| 040 | |a STU |b slo | ||
| 041 | 0 | |a slo | |
| 044 | |a xo | ||
| 080 | |a 802.0(075) | ||
| 245 | |a English course = Angličtina pre samoukov : |b Obs. učebnica, 159 s.. príloha, 106 s | ||
| 250 | |a 1.vyd. | ||
| 260 | |a Bratislava : |b ART PROGRES, |c 1990 | ||
| 300 | |a 2.zv | ||
| 650 | 7 | |a angličtina |2 stusub | |
| 996 | |b 284EK01546 |c E*79562 |l EE01 |s A |a 24 |w stu7333_0004 | ||
| 996 | |b 284EK01545 |c E*79563 |l EE01 |s A |a 24 |w stu7333_0005 | ||
| 996 | |b 284EK00489 |c E*79565 |l EE01 |s A |a 24 |w stu7333_0007 | ||
| 996 | |b 284EK00492 |c E*79567 |l EE01 |s A |a 24 |w stu7333_0009 | ||